N° des joueurs de Lens 2020-2021 - Statistiques

Statistiques générales
  • Ce quiz a été pris 92 fois
  • Le résultat moyen est 11 sur 26
Statistiques - réponses
Joueurs % Correct
8 Seko Fofana
85%
10 Gael Kakuta
81%
7 Florian Sotoca
78%
11 Jonathan Clauss
78%
16 Jean-Louis Leca
74%
4 Loic Bade
69%
9 Ignatius Ganago
66%
28 Cheick Doucoure
55%
14 Facundo Medina
53%
18 Yannick Cahuzac
46%
24 Jonathan Gradit
42%
30 Wuilker Farinez
39%
3 Issiaga Sylla
38%
13 Clément Michelin
36%
23 Simon Banza
36%
29 Arnaud Kalimuendo
34%
21 Massadio Haidara
34%
25 Corentin Jean
30%
15 Steven Fortes
28%
1 Didier Desprez
24%
22 Tony Mauricio
22%
6 Zakaria Diallo
9%
26 Aleksandar Radovanovic
8%
19 Charles Boli
7%
20 Cheick Traore
7%
31 Cyrille Bayala
4%
Aucun quiz correspondant
Distribution des résultats
% des personnes avec chaque résultat
Percentile par nombre de réponses
Votre historique - résultats
Vous n’avez pas pris ce quiz